000 00500nam a2200169Ia 4500
005 20250508164004.0
008 008 250505s9999 xx 000 0 eng d
037 _aTextual
040 _aFEDL
_beng
_cFEDL
041 _aeng
_2eng
084 _a363.8, EDU
_qFEDL
245 0 _aFood and nutrition : A text book of home science for senior students
260 _aNew Delhi, India
_bArya Publications
_c1980
300 _a376p.
942 _cTEXL
_h363.8, EDU
999 _c1386448
_d1386448